|
|
|
|
| LEADER |
01649cas a2200241 a 4500 |
| 001 |
AALejournalIMF019496 |
| 008 |
230101c9999 xx r poo 0 0eng d |
| 020 |
|
|
|c 5.00 USD
|
| 020 |
|
|
|z 9781498325073
|
| 022 |
|
|
|a 1934-7685
|
| 040 |
|
|
|a BD-DhAAL
|c BD-DhAAL
|
| 110 |
2 |
|
|a International Monetary Fund.
|b European Dept.
|
| 245 |
1 |
0 |
|a Euro Area Policies :
|b 2019 Article IV Consultation-Press Release; Staff Report; and Statement by the Executive Director for Member Countries.
|
| 264 |
|
1 |
|a Washington, D.C. :
|b International Monetary Fund,
|c 2019.
|
| 300 |
|
|
|a 1 online resource (61 pages)
|
| 490 |
1 |
|
|a IMF Staff Country Reports
|
| 500 |
|
|
|a <strong>Off-Campus Access:</strong> No User ID or Password Required
|
| 500 |
|
|
|a <strong>On-Campus Access:</strong> No User ID or Password Required
|
| 506 |
|
|
|a Electronic access restricted to authorized BRAC University faculty, staff and students
|
| 520 |
3 |
|
|a After a sharp slowdown starting in 2018, euro area growth is expected to recover over the course of 2019. However, mounting downside risks from global trade tensions, a no-deal Brexit, and market concerns about countries with high public debt emphasize the precarious nature of the forecast. Even in the absence of a major shock, there is a danger that the area could enter a prolonged period of anemic growth and inflation. Policies should focus on supporting growth while also reducing vulnerabilities.
|
| 538 |
|
|
|a Mode of access: Internet
|
| 830 |
|
0 |
|a IMF Staff Country Reports; Country Report ;
|v No. 2019/219
|
| 856 |
4 |
0 |
|z Full text available on IMF
|u http://elibrary.imf.org/view/journals/002/2019/219/002.2019.issue-219-en.xml
|z IMF e-Library
|